000 00921nam a2200289 a 4500
001 000109780
003 CHAP
005 20220329144103.0
008 140528s2013 mx a |rm |0|||||spa|d
010 _a106242
011 _a107214
040 _cCHAP
090 _aTesis
100 1 _aRivas Diaz, Karla
_9127098
245 1 0 _aDeterminación de la actividad inhibitoria de enzimas α-glucosidasas por extractos de plantas de acuerdo a la medicina tradicional /
_cpor Karla Rivas Diaz.
260 _aS.L.P., Méx. :
_bEl autor,
_c2013.
300 _aix, 104 h. :
_bil.
502 _aTesis (M.C. químicas) -- Facultad de Ciencias Químicas
590 _aE792CSJ
_b05
_c20140528
_lUCH01
_h0920
590 _aE792CSJ
_b05
_c20140528
_lUCH01
_h0941
650 1 4 _aEnzimas.
_937195
650 1 4 _aExtractos vegetales.
_939214
650 1 4 _aMedicina tradicional.
_973921
901 _aBK
942 _cTESIS
942 _n0
999 _c106242
_d106242